[Event "Warsaw Najdorf Memorial op-A"]
[Site "Warsaw"]
[Date "2022.07.16"]
[Round "8"]
[White "Sowul, Bartosz"]
[Black "Harazinska, Magdalena"]
[Result "1-0"]
[WhiteElo "2283"]
[BlackElo "1976"]
[PlyCount "87"]
[EventDate "2022.07.09"]
[EventType "swiss"]
[EventRounds "9"]
[EventCountry "POL"]
[SourceTitle "CBM 209 Extra"]
[Source "ChessBase"]
[SourceDate "2022.09.30"]
[SourceVersion "1"]
[SourceVersionDate "2022.09.30"]
[SourceQuality "1"]

1. e4 c5 2. Nc3 a6 3. Nf3 d6 4. g3 Nf6 5. Bg2 g6 6. d4 cxd4 7. Nxd4 Bg7 8. 0-0 0-0 9. h3 Qc7 10. a4 Nc6 11. Nde2 b6 12. Be3 Bb7 13. Qc1 Rfd8 14. Rd1 Nb4 15. Rd4 a5 16. Rd2 Nd7 17. Nd4 Nc5 18. Rd1 Rac8 19. Ndb5 Qd7 20. Bd4 Bxd4 21. Rxd4 Qe6 22. Qd1 Qf6 23. Ra3 h5 24. h4 Kh7 25. f4 Qh8 26. Bh3 Rb8 27. Nd5 Nxd5 28. exd5 Qf6 29. Re3 Bc8 30. Bxc8 Rbxc8 31. c3 Rd7 32. Rc4 Ra8 33. Nd4 e6 34. dxe6 fxe6 35. Nf3 Kh6 36. Rd4 Rad8 37. b4 Nb7 38. Qd2 Qf5 39. Kg2 Re8 40. Re5 Qf6 41. f5+ Kg7 42. fxg6 Rh8 43. Rf4 Qd8 44. Rxe6 1-0

[Event "Warsaw op-A"]
[Site "Warsaw"]
[Date "2021.07.19"]
[Round "1"]
[White "Harazinska, Magdalena"]
[Black "Sieciechowicz, Marcin"]
[Result "1/2-1/2"]
[WhiteElo "2034"]
[BlackElo "2386"]
[PlyCount "162"]
[EventDate "2021.07.19"]
[EventType "swiss"]
[EventRounds "9"]
[EventCountry "POL"]
[SourceTitle "CBM 203 Extra"]
[Source "ChessBase"]
[SourceDate "2021.09.30"]
[SourceVersion "1"]
[SourceVersionDate "2021.09.30"]
[SourceQuality "1"]

1. d4 Nf6 2. c4 g6 3. Nc3 d5 4. Bg5 Ne4 5. Bf4 Nxc3 6. bxc3 Bg7 7. e3 0-0 8. Nf3 c5 9. cxd5 Qxd5 10. Be2 cxd4 11. cxd4 Qa5+ 12. Qd2 Nc6 13. Qxa5 Nxa5 14. 0-0 Be6 15. Rfc1 Rfc8 16. Rc7 Rxc7 17. Bxc7 Nc6 18. Bg3 Rc8 19. Ng5 Bf5 20. Rc1 h6 21. Nf3 Nb4 22. Rxc8+ Bxc8 23. Bc4 Bd7 24. Bc7 Bc6 25. Kf1 e6 26. Ba5 Bf8 27. Ne5 Be8 28. Nd3 Nxd3 29. Bxd3 Bc6 30. e4 Bd6 31. g3 f5 32. f3 Kf7 33. Kf2 fxe4 34. fxe4 e5 35. Bc3 Kf6 36. Kf3 b6 37. Bc4 a5 38. Bd5 Bd7 39. h4 g5 40. hxg5+ hxg5 41. Ke3 Bc8 42. Kf3 Bd7 43. Ke3 g4 44. Kd3 Bc8 45. Ke3 Ba6 46. Kd2 Bc7 47. Ke3 Bc8 48. Kd3 Bd7 49. Ke3 b5 50. dxe5+ Bxe5 51. Bxa5 Bxg3 52. Bd8+ Kg6 53. Be7 Bc7 54. Kf2 g3+ 55. Kg2 Kh5 56. Bf6 Kg4 57. e5 Kf5 58. Kxg3 Bxe5+ 59. Bxe5 Kxe5 60. Bb3 Kd4 61. Kf3 Kc3 62. Ke3 b4 63. Ke4 Be8 64. Ke5 Kd3 65. Kd6 Kd4 66. Kc7 Kc5 67. Kb7 Bb5 68. Ka7 Kc6 69. Bf7 Kc7 70. Bb3 Bd3 71. Bf7 Kc6 72. Bb3 Kb5 73. Kb7 Be4+ 74. Kc7 Kc5 75. Bf7 Bc2 76. Be6 Ba4 77. Bf7 Bb5 78. Bb3 Bc4 79. Bxc4 Kxc4 80. Kb6 b3 81. axb3+ Kxb3 1/2-1/2

[Event "POL-chT U20"]
[Site "Lublin"]
[Date "2021.07.04"]
[Round "9.5"]
[White "Wikar, Martyna"]
[Black "Harazinska, Magdalena"]
[Result "1-0"]
[WhiteElo "2125"]
[BlackElo "2034"]
[PlyCount "79"]
[EventDate "2021.06.26"]
[EventType "team-tourn"]
[EventRounds "9"]
[EventCountry "POL"]
[SourceTitle "CBM 203 Extra"]
[Source "ChessBase"]
[SourceDate "2021.09.30"]
[SourceVersion "1"]
[SourceVersionDate "2021.09.30"]
[SourceQuality "1"]
[WhiteTeam "Czarna LKSz"]
[BlackTeam "Wroclaw Polonia"]
[WhiteTeamCountry "POL"]
[BlackTeamCountry "POL"]

1. e4 c5 2. Nf3 e6 3. d4 cxd4 4. Nxd4 Nf6 5. Nc3 Nc6 6. Ndb5 Bc5 7. Bf4 0-0 8. Bc7 Qe7 9. Bd6 Bxd6 10. Qxd6 Qd8 11. Nc7 Rb8 12. Be2 b5 13. e5 Ne8 14. Nxe8 Rxe8 15. Bxb5 Qa5 16. Bxc6 Rxb2 17. 0-0 dxc6 18. Ne4 Qd5 19. Qa3 Rb8 20. Nd6 Rf8 21. Qxa7 Rb4 22. f4 c5 23. Rad1 Qc6 24. Qe7 Ba6 25. Rf3 Be2 26. Nxf7 Bxf3 27. Rd8 Rxd8 28. Nxd8 Rb7 29. Nxc6 Rxe7 30. Nxe7+ Kf7 31. gxf3 Kxe7 32. Kf2 Kd7 33. Ke3 Kc6 34. Kd3 Kd5 35. a4 g6 36. a5 c4+ 37. Kc3 Kc5 38. a6 Kb6 39. Kxc4 Kxa6 40. Kc5 1-0

[Event "POL-chT U20"]
[Site "Lublin"]
[Date "2021.07.03"]
[Round "8.5"]
[White "Harazinska, Magdalena"]
[Black "Kroliczek, Gabriela"]
[Result "1-0"]
[WhiteElo "2034"]
[BlackElo "1990"]
[PlyCount "127"]
[EventDate "2021.06.26"]
[EventType "team-tourn"]
[EventRounds "9"]
[EventCountry "POL"]
[SourceTitle "CBM 203 Extra"]
[Source "ChessBase"]
[SourceDate "2021.09.30"]
[SourceVersion "1"]
[SourceVersionDate "2021.09.30"]
[SourceQuality "1"]
[WhiteTeam "Wroclaw Polonia"]
[BlackTeam "Rybnik MKSz"]
[WhiteTeamCountry "POL"]
[BlackTeamCountry "POL"]

1. d4 d5 2. Nf3 c6 3. g3 Nf6 4. Bg2 e6 5. 0-0 Bd6 6. b3 0-0 7. Bb2 Nbd7 8. c4 b6 9. Nbd2 Bb7 10. Ne5 Qc7 11. Nxd7 Qxd7 12. e4 dxe4 13. Nxe4 Be7 14. Qc2 Nxe4 15. Bxe4 f5 16. Bg2 Bf6 17. Rad1 Rac8 18. Rfe1 Rfe8 19. Re3 Qd6 20. Qe2 Rcd8 21. Re1 Kf7 22. Qh5+ Kg8 23. Qe2 Kf7 24. Bh3 g6 25. Bg2 a5 26. a3 Ba6 27. c5 bxc5 28. Qxa6 cxd4 29. Rd3 e5 30. Qxc6 e4 31. Qxd6 Rxd6 32. Rdd1 d3 33. Bxf6 Kxf6 34. b4 a4 35. Re3 Ke5 36. Bf1 Red8 37. Rd2 g5 38. f3 Kd4 39. Kf2 Kc3 40. Ke1 Kd4 41. Kf2 Kc3 42. Rd1 Kc2 43. Ra1 Rd4 44. Ree1 d2 45. Red1 Rc8 46. Bb5 Ra8 47. Ke3 Rd5 48. Bc4 Rd6 49. fxe4 Re8 50. Bb5 Rxe4+ 51. Kf2 Rh6 52. Bxa4+ Kc3 53. Rh1 Rhe6 54. Bd1 g4 55. Rb1 Re1 56. Kg2 h5 57. b5 Rb6 58. a4 Kc4 59. Rf1 Re5 60. Rf2 Kc3 61. Rb3+ Kc4 62. Rxd2 Re1 63. Rbb2 Kc5 64. a5 1-0

[Event "Warsaw Przepiorka Memorial"]
[Site "Warsaw"]
[Date "2019.12.29"]
[Round "5"]
[White "Harazinska, Magdalena"]
[Black "Wojtaszewski, Piotr"]
[Result "0-1"]
[WhiteElo "1994"]
[BlackElo "2045"]
[PlyCount "70"]
[EventDate "2019.12.27"]
[EventType "swiss"]
[EventRounds "9"]
[EventCountry "POL"]
[SourceTitle "CBM 194 Extra"]
[Source "ChessBase"]
[SourceDate "2020.03.31"]
[SourceVersion "1"]
[SourceVersionDate "2020.03.31"]
[SourceQuality "1"]

1. d4 Nf6 2. c4 e6 3. Nc3 Bb4 4. e3 0-0 5. Bd3 b6 6. Nf3 Bb7 7. 0-0 Bxc3 8. bxc3 Ne4 9. Qc2 f5 10. c5 Rf6 11. Nd2 Ng5 12. f3 Rh6 13. e4 f4 14. Nb3 Qf6 15. Bd2 Nc6 16. Rab1 Rf8 17. Qc1 Ne7 18. c4 Ng6 19. e5 Qf7 20. cxb6 axb6 21. Nc5 bxc5 22. Rxb7 cxd4 23. Bxg6 Qxg6 24. Rxc7 Rh4 25. Be1 Rh5 26. Bd2 Qh6 27. Rxd7 Rxh2 28. Kf2 Qh4+ 29. Ke2 Rxg2+ 30. Kd3 Qh3 31. Qd1 Rg3 32. Kxd4 Nxf3+ 33. Rxf3 Rxf3 34. Bb4 Rf1 35. Qe2 Rd1+ 0-1

[Event "Warsaw Przepiorka Memorial"]
[Site "Warsaw"]
[Date "2019.12.27"]
[Round "1"]
[White "Harazinska, Magdalena"]
[Black "Bugajski, Robert"]
[Result "1-0"]
[WhiteElo "1994"]
[BlackElo "2203"]
[PlyCount "101"]
[EventDate "2019.12.27"]
[EventType "swiss"]
[EventRounds "9"]
[EventCountry "POL"]
[SourceTitle "CBM 194 Extra"]
[Source "ChessBase"]
[SourceDate "2020.03.31"]
[SourceVersion "1"]
[SourceVersionDate "2020.03.31"]
[SourceQuality "1"]

1. d4 Nf6 2. c4 g6 3. Nc3 d5 4. Nf3 Bg7 5. Bg5 Ne4 6. cxd5 Nxg5 7. Nxg5 e6 8. Nf3 exd5 9. e3 0-0 10. Be2 c6 11. 0-0 Be6 12. b4 Nd7 13. a4 a6 14. Rc1 Qe7 15. Qb3 b5 16. a5 f5 17. Nd1 Rac8 18. g3 g5 19. Nb2 f4 20. exf4 gxf4 21. Rfe1 fxg3 22. hxg3 Qf7 23. Nd3 Bh6 24. Rcd1 Bf5 25. Nde5 Qf6 26. Bf1 Nxe5 27. Nxe5 Kh8 28. Bg2 Bg7 29. Re3 Rce8 30. Rde1 Be4 31. f4 Bxg2 32. Kxg2 Kg8 33. Qc3 Qd6 34. Qxc6 Bxe5 35. Qxd6 Bxd6 36. Rxe8 Bxb4 37. Rxf8+ Kxf8 38. Re6 Bxa5 39. Rxa6 Bc3 40. Rd6 b4 41. Rxd5 b3 42. Rb5 b2 43. d5 Ke7 44. Kf3 h5 45. Ke4 Kd6 46. Kf5 Be1 47. Rxb2 Bxg3 48. Ke4 h4 49. Rb6+ Ke7 50. Rh6 Kf7 51. d6 1-0

[Event "Prague Summer op-A 6th"]
[Site "Prague"]
[Date "2019.08.02"]
[Round "1"]
[White "Qashashvili, Alexandre"]
[Black "Harazinska, Magdalena"]
[Result "1-0"]
[WhiteElo "2497"]
[BlackElo "2025"]
[PlyCount "73"]
[EventDate "2019.08.02"]
[EventType "swiss"]
[EventRounds "9"]
[EventCountry "CZE"]
[SourceTitle "CBM 191 Extra"]
[Source "ChessBase"]
[SourceDate "2019.09.30"]
[SourceVersion "1"]
[SourceVersionDate "2019.09.30"]
[SourceQuality "1"]

1. e4 c5 2. Nf3 d6 3. d4 cxd4 4. Nxd4 Nf6 5. Nc3 a6 6. Bc4 e6 7. 0-0 b5 8. Bb3 Bb7 9. Re1 Be7 10. Bxe6 0-0 11. Bb3 Re8 12. Nf5 Bf8 13. Bg5 h6 14. Bh4 Nc6 15. f4 Bc8 16. Nd5 Bxf5 17. Bxf6 gxf6 18. exf5 Rxe1+ 19. Qxe1 Bg7 20. Qg3 Kh7 21. Re1 Qd7 22. Qe3 Qxf5 23. c3 Rb8 24. Qd2 Qd7 25. Bc2+ Kg8 26. Qd3 Kf8 27. h3 Re8 28. Rf1 Ne7 29. Ne3 Rd8 30. Kh2 d5 31. Qh7 d4 32. cxd4 Qxd4 33. Rf3 f5 34. b3 Qb2 35. Rg3 Rd2 36. Bxf5 Rf2 37. Nd1 1-0

[Event "Warsaw Najdorf Memorial op-A 17th"]
[Site "Warsaw"]
[Date "2019.07.10"]
[Round "5"]
[White "Zylka, Stanislaw"]
[Black "Harazinska, Magdalena"]
[Result "1-0"]
[WhiteElo "2308"]
[BlackElo "2004"]
[PlyCount "59"]
[EventDate "2019.07.06"]
[EventType "swiss"]
[EventRounds "9"]
[EventCountry "POL"]
[SourceTitle "CBM 191 Extra"]
[Source "ChessBase"]
[SourceDate "2019.09.30"]
[SourceVersion "1"]
[SourceVersionDate "2019.09.30"]
[SourceQuality "1"]

1. c4 c5 2. Nf3 Nc6 3. Nc3 g6 4. g3 Bg7 5. Bg2 e6 6. d4 Nxd4 7. Nxd4 cxd4 8. Ne4 Qc7 9. c5 Ne7 10. Nd6+ Kf8 11. b4 Nf5 12. Nxf5 gxf5 13. Bb2 a5 14. 0-0 d5 15. cxd6 Qxd6 16. b5 a4 17. Qd2 Ke7 18. Rad1 Rd8 19. e3 a3 20. Bxd4 Bxd4 21. exd4 Ra4 22. Qg5+ Kf8 23. d5 e5 24. Rfe1 f6 25. Qh5 Kg7 26. Bh3 Qc5 27. Rxe5 Rb4 28. Re3 Rb2 29. Rde1 Rd7 30. Bxf5 1-0

[Event "Warsaw Najdorf Memorial op-A 17th"]
[Site "Warsaw"]
[Date "2019.07.09"]
[Round "4"]
[White "Harazinska, Magdalena"]
[Black "Oglaza, Oskar"]
[Result "1/2-1/2"]
[WhiteElo "2004"]
[BlackElo "2345"]
[PlyCount "120"]
[EventDate "2019.07.06"]
[EventType "swiss"]
[EventRounds "9"]
[EventCountry "POL"]
[SourceTitle "CBM 191 Extra"]
[Source "ChessBase"]
[SourceDate "2019.09.30"]
[SourceVersion "1"]
[SourceVersionDate "2019.09.30"]
[SourceQuality "1"]

1. d4 Nf6 2. c4 c5 3. d5 b5 4. Qc2 bxc4 5. e4 d6 6. Bxc4 g6 7. f4 Bg7 8. Nf3 0-0 9. 0-0 Nfd7 10. Nc3 Ba6 11. b3 Nb6 12. Bxa6 Nxa6 13. Bb2 c4 14. Nb5 Bxb2 15. Qxb2 Qd7 16. Nbd4 Nc7 17. f5 e5 18. dxe6 fxe6 19. Ng5 e5 20. Nde6 Nxe6 21. Nxe6 Rf6 22. Rf3 Kh8 23. Raf1 gxf5 24. exf5 Rg8 25. Qf2 Qf7 26. Qh4 cxb3 27. axb3 Nd5 28. Ng5 Qg7 29. Rg3 Nf4 30. Nxh7 Rh6 31. Rxg7 Rxh4 32. Rxg8+ Kxg8 33. Ng5 Rg4 34. Ne6 Rxg2+ 35. Kh1 Rb2 36. Nxf4 exf4 37. Rxf4 Rxb3 38. Ra4 Kf7 39. Rxa7+ Kf6 40. Rd7 Rd3 41. Kg2 Kxf5 42. Kf2 Ke5 43. h4 Rh3 44. Re7+ Kf4 45. Rf7+ Ke4 46. Re7+ Kd4 47. Rh7 d5 48. Rh8 Kd3 49. h5 d4 50. h6 Kd2 51. h7 d3 52. Kg2 Rh6 53. Kg3 Rg6+ 54. Kf4 Rg7 55. Kf5 Rd7 56. Kg6 Kd1 57. Rf8 Rxh7 58. Kxh7 d2 59. Rd8 Ke2 60. Rxd2+ Kxd2 1/2-1/2

[Event "Rubinstein Memorial-A 54th"]
[Site "Polanica Zdroj"]
[Date "2018.08.23"]
[Round "6"]
[White "Golecki, Jan"]
[Black "Harazinska, Magdalena"]
[Result "1-0"]
[WhiteElo "1943"]
[BlackElo "2035"]
[PlyCount "71"]
[EventDate "2018.08.18"]
[EventType "swiss"]
[EventRounds "9"]
[EventCountry "POL"]
[SourceTitle "CBM 186 Extra"]
[Source "ChessBase"]
[SourceDate "2018.08.24"]
[SourceVersion "1"]
[SourceVersionDate "2018.08.24"]
[SourceQuality "1"]

1. e4 c5 2. Nf3 e6 3. d4 cxd4 4. Nxd4 a6 5. c4 Qc7 6. Nc3 Nf6 7. Qe2 d6 8. g3 b6 9. Bg2 Bb7 10. 0-0 Nbd7 11. f4 Rc8 12. b3 b5 13. Ndxb5 axb5 14. Nxb5 Qb8 15. Ba3 Bc6 16. Bb2 Qb7 17. Rfe1 Bxb5 18. cxb5 e5 19. a4 Be7 20. a5 0-0 21. b4 Rb8 22. b6 Nxb6 23. fxe5 dxe5 24. Bxe5 Bxb4 25. Reb1 Nbd7 26. Bxb8 Rxb8 27. Kh1 Ne5 28. Ra4 Qe7 29. a6 Bd6 30. Rxb8+ Bxb8 31. Qb5 Ba7 32. Qb7 Qxb7 33. axb7 Bb8 34. Rd4 Nc6 35. Rc4 Ne7 36. Rc8+ 1-0